| 000 | 00493nam a22001577a 4500 | ||
|---|---|---|---|
| 999 |
_c478748 _d478748 |
||
| 003 | NUST | ||
| 005 | 20180713053406.0 | ||
| 008 | 180713b ||||| |||| 00| 0 eng d | ||
| 038 | _a0 | ||
| 082 | _a616.89 | ||
| 100 | _4Noor Raza Cheema | ||
| 245 | _aParental involvement in career planning activities and its influence on student,s perceptions about parent career behavior and career decision-making self efficacy | ||
| 260 |
_aIslamabad _bNUST _c2017 |
||
| 300 | _a69p | ||
| 942 |
_2ddc _cTHE |
||